000 00637nam a2200229Ia 4500
003 OSt
005 20221006163807.0
006 a|||||r|||| 00| 0
007 ta
008 221006b |||||||| |||| 00| 0 eng d
024 _a1,350
037 _cTextual
040 _aFML
_cFML
_beng
041 _2eng
_aeng
082 _aP32k, K0.1 -.4
100 _aKuzhivelil Mathew M. Au.
_9624943
245 0 _aVijanam Malayalam Encyclopedia
260 _aTrivendrum
_bBalan Publication
_c1960
300 _aVarious Page
_ccm.
942 _hP32k, K0.1 -.4
_cTEXL
_2CC
999 _c1115285
_d1115285